Bratislava, Zimný prístav - Dom lodníkov, architektonická štúdia nového využitia

Na minha lista:
Detalhes bibliográficos
Autor principal: Mackovičová, Katarína, 1990- (Author)
Outros Autores: Kráľová, Eva, 1951- (Thesis advisor)
Formato: Manuscrito Livro
Idioma:eslovaco
Publicado em: Bratislava 2015
Assuntos:
Acesso em linha:http://is.stuba.sk/zp/portal_zp.pl?podrobnosti=112297
Tags: Adicionar Tag
Sem tags, seja o primeiro a adicionar uma tag!

MARC

LEADER 00000ntm a22000003a 4500
001 stuzp51847
003 SK-STU
005 20210308110608.8
007 ta
008 150427s2015----xo-----f-mn---000-0-slo-d
040 |a STU  |b slo 
041 0 |a slo 
100 1 |a Mackovičová, Katarína,  |d 1990-  |u 053130  |4 aut  |U FAD Fakulta architektúry a dizajnu  |U FAD Fakulta architektúry  |T FA Ústav dejín a teórie architektúry a obnovy pamiatok  |X 68112  |U A3130  |Y 394  |7 A000068112 
242 0 1 |a Bratislava, Winter port - House boatmen  |y eng 
245 1 0 |a Bratislava, Zimný prístav - Dom lodníkov, architektonická štúdia nového využitia 
260 |c 2015  |a Bratislava 
650 4 |a zimný prístav  |2 slo 
650 4 |a dom lodníkov  |2 slo 
650 4 |a hotel  |2 slo 
650 4 |a house boatmen  |2 eng 
650 4 |a winter port  |2 eng 
650 4 |a hotel  |2 eng 
700 1 |a Kráľová, Eva,  |d 1951-  |4 ths  |X 391  |7 A000000391 
856 4 |u http://is.stuba.sk/zp/portal_zp.pl?podrobnosti=112297  |u https://opac.crzp.sk/?fn=detailBiblioForm&sid=E75B5E22D326BA6A98A49BCFFF20 
SQL |a stuzp51847  |b DDP  |c SLO  |d Bratislava, Zimný prístav - Dom lodníkov, architektonická štúdia nového využitia  |e 68112  |f Mackovičová, Katarína  |g 053130  |h 391  |i Kráľová, Eva  |j 20150604  |k 153  |l 05  |m http://is.stuba.sk/zp/portal_zp.pl?podrobnosti=112297  |n I-ARCH  |o 5.1.1. architektúra a urbanizmus